<?xml version="1.0" encoding="UTF-8"?><?xml-stylesheet type="text/xsl" href="static/style.xsl"?><OAI-PMH xmlns="http://www.openarchives.org/OAI/2.0/" xmlns:xsi="http://www.w3.org/2001/XMLSchema-instance" xsi:schemaLocation="http://www.openarchives.org/OAI/2.0/ http://www.openarchives.org/OAI/2.0/OAI-PMH.xsd"><responseDate>2026-04-17T10:25:48Z</responseDate><request verb="GetRecord" identifier="oai:riubu.ubu.es:10259/5199" metadataPrefix="marc">https://riubu.ubu.es/oai/request</request><GetRecord><record><header><identifier>oai:riubu.ubu.es:10259/5199</identifier><datestamp>2021-11-10T09:38:27Z</datestamp><setSpec>com_10259_4292</setSpec><setSpec>com_10259_5086</setSpec><setSpec>com_10259_2604</setSpec><setSpec>col_10259_4293</setSpec></header><metadata><record xmlns="http://www.loc.gov/MARC21/slim" xmlns:doc="http://www.lyncode.com/xoai" xmlns:xsi="http://www.w3.org/2001/XMLSchema-instance" xmlns:dcterms="http://purl.org/dc/terms/" xsi:schemaLocation="http://www.loc.gov/MARC21/slim http://www.loc.gov/standards/marcxml/schema/MARC21slim.xsd">
<leader>00925njm 22002777a 4500</leader>
<datafield tag="042" ind1=" " ind2=" ">
<subfield code="a">dc</subfield>
</datafield>
<datafield tag="720" ind1=" " ind2=" ">
<subfield code="a">Melero Gil, Beatriz</subfield>
<subfield code="e">author</subfield>
</datafield>
<datafield tag="720" ind1=" " ind2=" ">
<subfield code="a">Vinuesa, R.</subfield>
<subfield code="e">author</subfield>
</datafield>
<datafield tag="720" ind1=" " ind2=" ">
<subfield code="a">Diez Mate, Ana Mª</subfield>
<subfield code="e">author</subfield>
</datafield>
<datafield tag="720" ind1=" " ind2=" ">
<subfield code="a">Jaime Moreno, Isabel</subfield>
<subfield code="e">author</subfield>
</datafield>
<datafield tag="720" ind1=" " ind2=" ">
<subfield code="a">Rovira Carballido, Jordi</subfield>
<subfield code="e">author</subfield>
</datafield>
<datafield tag="260" ind1=" " ind2=" ">
<subfield code="c">2013</subfield>
</datafield>
<datafield tag="520" ind1=" " ind2=" ">
<subfield code="a">To control the growth, or reduce the numbers, of food pathogens such as Listeria monocytogenes and Campylobacter jejuni in chicken products packaged under modified atmosphere (MAP), the effectiveness of protective cultures was evaluated in this study. Leuconostoc pseudomesenteroides PCK18 reduced the counts of L. monocytogenes by 1.22 log cfu/g in chicken burgers under MAP after 24 d. Furthermore, a reduction of 1.16 log cfu/g in C. jejuni together with a delay in the growth of lactic acid bacteria was obtained in chicken legs inoculated with Bifidobacterium longum ssp. longum PCB133 and packaged under MAP after 9 d. The combination and concentration of gases in the MAP doubled the products’ shelf-life in comparison with air-packaged samples in both experiments. In conclusion, this study has shown the effectiveness of 2 protective culture strains against 2 foodborne pathogens, resulting in safer products with a longer shelf-life.</subfield>
</datafield>
<datafield tag="024" ind2=" " ind1="8">
<subfield code="a">0032-5791</subfield>
</datafield>
<datafield tag="024" ind2=" " ind1="8">
<subfield code="a">http://hdl.handle.net/10259/5199</subfield>
</datafield>
<datafield tag="024" ind2=" " ind1="8">
<subfield code="a">10.3382/ps.2012-02539</subfield>
</datafield>
<datafield ind1=" " ind2=" " tag="653">
<subfield code="a">Leuconostoc pseudomesenteroides PCK18</subfield>
</datafield>
<datafield ind1=" " ind2=" " tag="653">
<subfield code="a">Bifidobacterium longum ssp. longum PCB133</subfield>
</datafield>
<datafield ind1=" " ind2=" " tag="653">
<subfield code="a">chicken legchicken burger meat</subfield>
</datafield>
<datafield tag="245" ind1="0" ind2="0">
<subfield code="a">Application of protective cultures against Listeria monocytogenes and Campylobacter jejuni in chicken products packaged under modified atmosphere</subfield>
</datafield>
</record></metadata></record></GetRecord></OAI-PMH>